| 000 | 01036nam a22002417a 4500 | ||
|---|---|---|---|
| 005 | 20240530110558.0 | ||
| 008 | 160316s2013 ua ak g b 000 0 ara d | ||
| 017 |
_a2013/1516 _bمصر . دار الكتب المصرية |
||
| 020 | _a9789776298996 | ||
| 040 | _aEG-CaGPL | ||
| 082 | 0 | 4 |
_221 _a658.3124\ _bم ن |
| 100 | 0 | _aمحمود احمد عبدالفتاح رضوان | |
| 245 | 1 | 0 |
_aنظرية التدريب : _bالتحول من افكار و مبادئ التريب الى واقعية الملموس / _cاعداد محمود احمد عبدالفتاح رضوان |
| 250 | _aط1 | ||
| 260 |
_aالقاهرة : _bالمجموعة العربية للتدريب و النشر ، _c2013 . |
||
| 300 |
_a191 ص : _bايض ؛ _c24 سم . |
||
| 490 |
_aموسوعة التدريب ؛ _v1 |
||
| 504 | _aيشتمل على ارجاعات ببليوجرافية | ||
| 650 | 0 | 4 | _aالتدريب الادارى |
| 650 | 0 | 4 | _aالدورات التدريبية |
| 942 |
_2ddc _cBK |
||
| 999 |
_c62611 _d62611 |
||